Taco Hemingway - Europa - Statystyki

Ogólne statystyki
  • Ten quiz został rozwiązany 11 razy
  • Średni wynik to 11 z 13
Statystyki odpowiedzi
Europa % Poprawnych
Europa
100%
Luxembourg
100%
Na Paryskie Getto Pada Deszcz
91%
Ortalion
91%
Sztylet
91%
Toskania Outro
91%
WWA NIE Berlin
91%
Big Pharma
82%
Grand Prix
82%
Pieniądz i Terror
82%
Pireneje
82%
Michael Essien Birthday Party
73%
Nie Ufam Sobie Sam
64%
Nie znaleziono quizów pasujących do podanych kryteriów
Rozkład punktacji
Procent ludzi z każdym wynikiem
Percentyl według liczby udzielonych odpowiedzi
Twoja historia wyników
Nie rozwiązałeś tego quizu